000 00667nam a22002297a 4500
005 20251108172516.0
008 250721s9999 xx 000 0 ara d
082 1 4 _a526.9/سيا
100 1 _aسيالة، أنور
245 1 0 _aمقدمة علم المساحة /
264 1 _aالإسكندرية :
_bالمكتب الجامعي،
300 _a307ص
650 1 7 _aالخرائط
650 1 7 _aحساب المثلثات
650 1 7 _aرسم الخرائط
650 1 7 _aمقياس الخرائط
650 1 7 _aالقياس
653 _aالمساحة
700 1 _aدخيل، مفتاح
_eمؤلف مشارك
942 _2ddc
_cBK
999 _c81175
_d81175